000
00306nam a22001457a 4500
008
210308b ||||| |||| 00| 0 eng d
020
_a
9780782121094
041
_a
eng
080
_2
72
_a
72
082
_2
72
100
_a
41
101
_a
ARK
245
_a
Auto CAD 14
_c
George Omura
942
_2
udc
_c
BK
999
_c
55918
_d
55918